| 000 | 00513nam a2200169 i 4500 | ||
|---|---|---|---|
| 001 | 63705 | ||
| 003 | ES-MaACL | ||
| 007 | t| | ||
| 008 | 031216s1970 mx ||||1| spa d | ||
| 100 | 1 |
_aFields, Louis W. _950703 |
|
| 245 | 1 | 0 |
_aContabilidad simplificada / _cpor Louis W. Fields ; [traducción por I.S. Díaz]. |
| 250 | _a[4ª ed.]. | ||
| 260 |
_aMéxico : _bCompañía General de Ediciones, _c[1970] |
||
| 300 |
_aX, 182 p. ; _c26 cm. |
||
| 700 | 1 |
_aDíaz, I. S. _944127 |
|
| 852 |
_aES-MaACL _jE-9199 _bR.93802 |
||
| 999 |
_c63705 _d63705 |
||